| 000 | nam a22 a 4500 | ||
|---|---|---|---|
| 999 |
_c3562 _d3562 |
||
| 003 | AKMAL | ||
| 005 | 20170523111710.0 | ||
| 008 | 170523s1992 -us 00 eng d | ||
| 020 | _a0070440514: | ||
| 040 |
_aAKMAL _cAKMAL |
||
| 082 | 0 | 4 | _a658.456 MUN |
| 090 |
_a658.456 _bMUN |
||
| 100 | 1 |
_aMunson, Lawrence S. _97090 |
|
| 245 | 1 | 0 |
_aHow to conduct training seminars : _ba complete reference guide for training managers and professionals / _cLawrence S. Munson |
| 260 |
_aNew York : _bMcGraw Hill, _c1984 |
||
| 300 |
_axvi, 245p. : _bill. ; _c24cm |
||
| 500 | _aIncludes index | ||
| 650 |
_aExecutives _xTraining of _96908 |
||
| 650 |
_aSeminars _97091 |
||
| 942 |
_2ddc _cBOOK |
||